Générique Mes parrains sont magiques - Paroles - Statistiques

Statistiques générales
  • Ce quiz a été pris 565 fois
  • Le résultat moyen est 16 sur 24
Statistiques - réponses
Paroles % Correct
Timmy est un {garçon} moyen
97%
Ils sont ses parrains {magiques}
86%
Parrains {magiques}
85%
Parrains {magiques}
82%
Que personne ne {comprends}
82%
Les donnent sans arrêt des {ordres}
81%
Ses parrains {magiques}
81%
(Au {lit} toi !)
75%
Parrains {magiques}
75%
Ses parrains {magiques}
75%
Le malheur qui vient dans sa {chambre}
74%
Qui lui accordent tous ses {souhaits}
70%
Qu'a des parrains {magiques}
69%
Corps super-musclé et voiture de {sport}
67%
Maman, Papa, {Vicky}
67%
Par ses poissons {magiques}
64%
Baguettes magiques et couronne {volante}
58%
Est chassé {immédiatement}
57%
Frites pour trois, {chocolat} !
56%
Parce qu'en {réalité}
50%
Ca te rend gai quand tu es le {garçon}
38%
(Tu {parles} !)
33%
Complexe, oie latex, daim {martien}
17%
Jus d'raisin, gros boa, {bavarois}
14%
Aucun quiz correspondant
Distribution des résultats
% des personnes avec chaque résultat
Percentile par nombre de réponses
Votre historique - résultats
Vous n’avez pas pris ce quiz